00560nam a2200169Ia 4500008004100000100001300041245007500054245005600129260003000185260000900215300002400224440005100248650002700299650002000326650002200346650002200368190427s9999 xx 000 0 und d aChoi Jae 4aThe effect of innovation characteristics on cloud computing Diffusion/ cJae Choi, Derek L. Nazareth and Thomas L. Ngo-Ye.-- bTaylor and Francis Group  c2018 apages 325-333, 2018 aJournal of Computer Inforamation Systemv58(4) aAgent-based simulation aCloud Computing aComplexity Theory aGenetic Algorithm